000 004550000a22001690004500
003 LK-CoMWRAF
008 230817t ||||| |||| 00| 0 eng d
040 _aLK-CoMWRAF
_dLK-CoMWRAF
_eLK-CoMWRAF
041 _aeng
082 _a743
_bSAM
100 _aSameem, A.M.
245 _aIlangai Muslimgalin Thirumana Sampradayangal
_b
260 _bRizanaa Publications
_aSri Lanka (Galagedara)
_c1997
300 _ap.56
650 _aMuslim Culture
942 _cBK
999 _c1913
_d1913